000 02838nam0a22003731 4500
001 rc\3344080
005 20250609182410.0
021 _aRU
_b[83-2528]
035 _a(NLR Aleph) 007432488
090 _a7030427
_c7030427
100 _a20130115d1982 |||y0rusy50 ca
101 0 _arus
102 _aRU
105 _ay z |||a|
200 1 _aТочка опоры
_eПовести и рассказы
_e[4]
_f[Послесл. Е. Кутузова]
210 _aЛенинград
_cЛениздат
_d1982
215 _a351 с.
_d21
327 1 _aСодерж.: Повести: Пока не выпал снег / В. Рекшан. Вниз по реке / Н. Шумаков. Прикосновение / Е. Туинов. Горсть бабушкиных дней / А. Широв. "Ах, Титов, Титов ..." / О. Носов. Камышовые странники / А. Стерликов. Рассказы: Всем памятники / А. Скоков. Дачный рассказ / И. Борисова. Тридцать метров сатина / Д. Макарова. Лесной дед / А. Степанов, и рассказы др. авт.
464 0 _12001#$aВсем памятники$eРассказ
_1700#1$aСкоков$bА.
_tВсем памятники
_aСкоков, А.
464 0 _12001#$aКамышовые странники$eПовесть
_1700#1$aСтерликов$bА.
_tКамышовые странники
_aСтерликов, А.
464 0 _12001#$aДачный рассказ$eРассказ
_1700#1$aБорисова$bИ.
_tДачный рассказ
_aБорисова, И.
464 0 _12001#$aЛесной дед$eРассказ
_1700#1$aСтепанов$bА.
_tЛесной дед
_aСтепанов, А.
464 0 _12001#$aТридцать метров сатина$eРассказ
_1700#1$aМакарова$bД.
_tТридцать метров сатина
_aМакарова, Д.
464 0 _12001#$a"Ах, Титов, Титов..."$eПовесть
_1700#1$aНосов$bО.
_t"Ах, Титов, Титов..."
_aНосов, О.
464 0 _12001#$aВниз по реке$eПовесть
_1700#1$aШумаков$bН.
_tВниз по реке
_aШумаков, Н.
464 0 _12001#$aПока не выпал снег$eПовесть
_1700#1$aРекшан$bВ.
_tПока не выпал снег
_aРекшан, В.
464 0 _12001#$aГорсть бабушкиных дней$eПовесть
_1700#1$aШиров$bА.
_tГорсть бабушкиных дней
_aШиров, А.
464 0 _12001#$aПрикосновение$eПовесть
_1700#1$aТуинов$bЕ.
_tПрикосновение
_aТуинов, Е.
702 1 _aКутузов
_bЕ.
_4080
801 0 _aRU
_bNLR
_gpsbo
801 1 _aRU
_bELAR
_2rusmarc
852 _aNLR
_j83-3/3726
942 _cBOOK
980 _aNB